| 000 | 01189 a2200277 4500 | ||
|---|---|---|---|
| 003 | Nust | ||
| 005 | 20170207154030.0 | ||
| 010 | _a 2004063156 | ||
| 020 | _a0071448810 | ||
| 035 | _a(OCoLC)ocm57041473 | ||
| 040 | _cNust | ||
| 082 | 0 | 0 | _a621.3815 |
| 100 | 1 | _aCutcher, Dave. | |
| 245 | 1 | 0 |
_aElectronic circuits for the evil genius (E-Book) _cDave Cutcher. |
| 246 | 0 | _a57 lessons with projects | |
| 260 |
_aNew York : _bMcGraw-Hill, _cc2005. |
||
| 300 |
_axiii, 225 p. : _bill. ; _c28 cm. |
||
| 440 | 0 | _aEvil genius series | |
| 500 | _aPart.1 Components (page-1) Par t. ii Introducing Digital Electronics (Page-47) Part.iii Counting Systems in Electronics (Page-125) Part. iv Amplifier Introduced and Applied (Page-173) | ||
| 650 | 0 |
_aElectronic apparatus and appliances _xDesign and construction |
|
| 650 | 0 |
_aElectronic circuits _xExperiments |
|
| 651 | _aMCS | ||
| 856 | 4 | 2 |
_3Contributor biographical information _uhttp://www.loc.gov/catdir/enhancements/fy0619/2004063156-b.html |
| 856 | 4 | 2 |
_3Publisher description _uhttp://www.loc.gov/catdir/enhancements/fy0619/2004063156-d.html |
| 856 | 4 | 2 |
_3Table of contents only _uhttp://www.loc.gov/catdir/enhancements/fy0619/2004063156-t.html |
| 942 |
_2ddc _cBK |
||
| 999 |
_c192106 _d192106 |
||